Production and operations management (6th ed.) (Record no. 77229)

MARC details
000 -LEADER
fixed length control field 01142nam a2200241 a 4500
008 - FIXED-LENGTH DATA ELEMENTS--GENERAL INFORMATION
fixed length control field 120416s1992 ||||||||||||||||| || u
020 ## - INTERNATIONAL STANDARD BOOK NUMBER
International Standard Book Number 0273032364
050 ## - LIBRARY OF CONGRESS CALL NUMBER
Classification number TS 155 Muh
100 ## - MAIN ENTRY--PERSONAL NAME
Personal name Lockyer, Keith
245 10 - TITLE STATEMENT
Title Production and operations management (6th ed.)
250 ## - EDITION STATEMENT
Edition statement 6th ed.
260 ## - PUBLICATION, DISTRIBUTION, ETC.
Place of publication, distribution, etc. London
Name of publisher, distributor, etc. Pitman
Date of publication, distribution, etc. 1992
300 ## - PHYSICAL DESCRIPTION
Extent x, 566p. : ill.
350 ## -
-- 0.00
650 ## - SUBJECT ADDED ENTRY--TOPICAL TERM
Topical term or geographic name entry element OPERATIONS--MANAGEMENT
650 ## - SUBJECT ADDED ENTRY--TOPICAL TERM
Topical term or geographic name entry element PRODUCTION--MANAGEMENT
650 #0 - SUBJECT ADDED ENTRY--TOPICAL TERM
Topical term or geographic name entry element MANAGEMENT
700 ## - ADDED ENTRY--PERSONAL NAME
Personal name Muhlemann, Alan
995 ## -
-- ANNEX COLLECTION (Main Library)
-- 0.00
-- 017617
-- CBU-MAIN LIBRARY (Kitwe)
-- 2
-- 24.00
-- TS 155 Muh
-- AVAILABLE
-- 017617
-- Annex Low-Usage Collection
995 ## -
-- MAIN LIBRARY OPEN ACCESS
-- 0.00
-- 017619
-- CBU-MAIN LIBRARY (Kitwe)
-- 1
-- 24.00
-- TS 155 Muh
-- AVAILABLE
-- 017619
-- Main Library Open Access Collection
995 ## -
-- MAIN LIBRARY OPEN ACCESS
-- 0.00
-- 017618
-- CBU-MAIN LIBRARY (Kitwe)
-- 4
-- 24.00
-- TS 155 Muh
-- AVAILABLE
-- 017618
-- Main Library Open Access Collection
995 ## -
-- MAIN LIBRARY OPEN ACCESS
-- 0.00
-- 727532
-- CBU-MAIN LIBRARY (Kitwe)
-- 3
-- 24.00
-- TS 155 Muh
-- AVAILABLE
-- 025368
-- Main Library Open Access Collection
999 ## -
-- 77229
-- 77229
Holdings
Withdrawn status Lost status Source of classification or shelving scheme Damaged status Not for loan Permanent Location Current Location Shelving location Date acquired Total Checkouts Full call number Barcode Date last seen Copy number Price effective from Koha item type
          CBU-MAIN LIBRARY, KITWE. CBU-MAIN LIBRARY, KITWE.   04/25/2023   TS 155 Muh 017617 04/25/2023 1 04/25/2023 MONOGRAPH
          CBU-MAIN LIBRARY, KITWE. CBU-MAIN LIBRARY, KITWE.   04/25/2023   TS 155 Muh 017619 04/25/2023 2 04/25/2023 MONOGRAPH
          CBU-MAIN LIBRARY, KITWE. CBU-MAIN LIBRARY, KITWE.   04/25/2023   TS 155 Muh 017618 04/25/2023 3 04/25/2023 MONOGRAPH
          CBU-MAIN LIBRARY, KITWE. CBU-MAIN LIBRARY, KITWE.   04/25/2023   TS 155 Muh 025368 04/25/2023 4 04/25/2023 MONOGRAPH